01218cam a2200385 i 450000100060000000300090000600500170001500800390003201500160007102000150008704000280010204100130013004600090014308000100015208000110016208000090017310000250018224501370020726000310034430000270037533600270040233700540042933800280048338000160051138000230052738800100055050400140056054600190057465000120059365000180060565500170062365800280064071000660066885600980073454978KOSZ 00520200811082443.0021211s2002 pl a f f |000 0 pol aPB 2003/157 a8386264802 aWA NcWA NdKOSZ 005/HR0 apolbeng k2002 a633.1 a631.56 a(07)1 aSzyszło, JaneAutor10aTechnologie i techniki w przechowalnictwie zbóż /cJan Szyszło ; Instytut Budownictwa, Mechanizacji i Elektryfikacji Rolnictwa. aWarszawa :bIBMiER,c2002. a91 s. :bil. ;c29 cm. 2rdacontentaTekstbtxt 2rdamediaaBez urządzenia pośredniczącegobn 2rdacarrieraWoluminbnc aKsiążki aPublikacje fachowe a2001- aBibliogr. aStreszcz. ang. 4aZboże 4aMagazynowanie 4aPodręcznik aRolnictwo i leśnictwo2 aInstytut Budownictwa, Mechanizacji i Elektryfikacji Rolnictwa uhttp://koha.tu.koszalin.pl/cgi-bin/koha/opac-detail.pl?biblionumber=54978yKatalog online BPK